<?xml version="1.0" encoding="UTF-8"?>
<record
    xmlns:xsi="http://www.w3.org/2001/XMLSchema-instance"
    xsi:schemaLocation="http://www.loc.gov/MARC21/slim http://www.loc.gov/standards/marcxml/schema/MARC21slim.xsd"
    xmlns="http://www.loc.gov/MARC21/slim">

  <leader>00544nam a2200181Ia 4500</leader>
  <controlfield tag="005">20231110092935.0</controlfield>
  <controlfield tag="008">230331s9999    xx            000 0 eng d</controlfield>
  <datafield tag="020" ind1=" " ind2=" ">
    <subfield code="a">9780755495139</subfield>
    <subfield code="q">hbk</subfield>
  </datafield>
  <datafield tag="040" ind1=" " ind2=" ">
    <subfield code="a">RDA</subfield>
    <subfield code="c">23</subfield>
  </datafield>
  <datafield tag="082" ind1=" " ind2=" ">
    <subfield code="2">23</subfield>
    <subfield code="a">JR 904.5 ENCY</subfield>
  </datafield>
  <datafield tag="245" ind1=" " ind2="0">
    <subfield code="a">Encyclopedia of natural disasters: a comprehensive guide to disaster &amp; catastrophes</subfield>
  </datafield>
  <datafield tag="260" ind1=" " ind2=" ">
    <subfield code="a">Bath:</subfield>
    <subfield code="b">North Parade Publishing,</subfield>
    <subfield code="c">c2013.</subfield>
  </datafield>
  <datafield tag="300" ind1=" " ind2=" ">
    <subfield code="a">125 pages: colour illustrations</subfield>
    <subfield code="c">29 cm.</subfield>
  </datafield>
  <datafield tag="942" ind1=" " ind2=" ">
    <subfield code="y">375</subfield>
    <subfield code="z">Rosinah Mosako</subfield>
  </datafield>
  <datafield tag="942" ind1=" " ind2=" ">
    <subfield code="2">ddc</subfield>
  </datafield>
  <datafield tag="942" ind1=" " ind2=" ">
    <subfield code="2">ddc</subfield>
  </datafield>
  <datafield tag="942" ind1=" " ind2=" ">
    <subfield code="c">BK</subfield>
    <subfield code="2">ddc</subfield>
  </datafield>
  <datafield tag="999" ind1=" " ind2=" ">
    <subfield code="c">744979</subfield>
    <subfield code="d">744978</subfield>
  </datafield>
  <datafield tag="952" ind1=" " ind2=" ">
    <subfield code="0">0</subfield>
    <subfield code="1">0</subfield>
    <subfield code="2">ddc</subfield>
    <subfield code="4">0</subfield>
    <subfield code="7">0</subfield>
    <subfield code="a">THISL</subfield>
    <subfield code="b">Leanl</subfield>
    <subfield code="c">GEN</subfield>
    <subfield code="d">2023-08-31</subfield>
    <subfield code="l">0</subfield>
    <subfield code="o"> JR 904.5 ENCY</subfield>
    <subfield code="p">33228017376318</subfield>
    <subfield code="r">2023-08-31</subfield>
    <subfield code="w">2023-08-31</subfield>
    <subfield code="y">BK</subfield>
  </datafield>
  <datafield tag="952" ind1=" " ind2=" ">
    <subfield code="0">0</subfield>
    <subfield code="1">0</subfield>
    <subfield code="2">ddc</subfield>
    <subfield code="4">0</subfield>
    <subfield code="7">0</subfield>
    <subfield code="a">THISL</subfield>
    <subfield code="b">LEBOL</subfield>
    <subfield code="c">GEN</subfield>
    <subfield code="d">2023-08-31</subfield>
    <subfield code="l">0</subfield>
    <subfield code="o"> JR 904.5 ENCY</subfield>
    <subfield code="p">67968</subfield>
    <subfield code="r">2023-08-31</subfield>
    <subfield code="w">2023-08-31</subfield>
    <subfield code="y">BK</subfield>
  </datafield>
  <datafield tag="952" ind1=" " ind2=" ">
    <subfield code="0">0</subfield>
    <subfield code="1">0</subfield>
    <subfield code="2">ddc</subfield>
    <subfield code="4">0</subfield>
    <subfield code="7">0</subfield>
    <subfield code="a">THISL</subfield>
    <subfield code="b">EMBAL</subfield>
    <subfield code="c">GEN</subfield>
    <subfield code="d">2023-08-31</subfield>
    <subfield code="l">0</subfield>
    <subfield code="o"> JR 904.5 ENCY</subfield>
    <subfield code="p">86290</subfield>
    <subfield code="r">2023-08-31</subfield>
    <subfield code="w">2023-08-31</subfield>
    <subfield code="y">BK</subfield>
  </datafield>
  <datafield tag="952" ind1=" " ind2=" ">
    <subfield code="0">0</subfield>
    <subfield code="1">0</subfield>
    <subfield code="2">ddc</subfield>
    <subfield code="4">0</subfield>
    <subfield code="7">0</subfield>
    <subfield code="8">900</subfield>
    <subfield code="a">STANDL</subfield>
    <subfield code="b">STANDL</subfield>
    <subfield code="c">Non_Fiction</subfield>
    <subfield code="d">2023-10-27</subfield>
    <subfield code="g">250.00</subfield>
    <subfield code="i">9780755495139</subfield>
    <subfield code="l">0</subfield>
    <subfield code="o"> JR 904.5 ENCY</subfield>
    <subfield code="p">3300410013729</subfield>
    <subfield code="r">2023-10-27</subfield>
    <subfield code="v">250.00</subfield>
    <subfield code="w">2023-10-27</subfield>
    <subfield code="y">BK</subfield>
  </datafield>
  <datafield tag="952" ind1=" " ind2=" ">
    <subfield code="0">0</subfield>
    <subfield code="1">0</subfield>
    <subfield code="2">ddc</subfield>
    <subfield code="4">0</subfield>
    <subfield code="7">0</subfield>
    <subfield code="a">THISL</subfield>
    <subfield code="b">Leanl</subfield>
    <subfield code="c">GEN</subfield>
    <subfield code="d">2023-11-10</subfield>
    <subfield code="l">0</subfield>
    <subfield code="o"> JR 904.5 ENCY</subfield>
    <subfield code="p">33228017618289</subfield>
    <subfield code="r">2023-11-10</subfield>
    <subfield code="w">2023-11-10</subfield>
    <subfield code="y">BK</subfield>
  </datafield>
  <datafield tag="952" ind1=" " ind2=" ">
    <subfield code="0">0</subfield>
    <subfield code="1">0</subfield>
    <subfield code="2">ddc</subfield>
    <subfield code="4">0</subfield>
    <subfield code="7">0</subfield>
    <subfield code="8">900</subfield>
    <subfield code="a">KWAML</subfield>
    <subfield code="b">LOOPL</subfield>
    <subfield code="c">Non_Fiction</subfield>
    <subfield code="d">2025-07-25</subfield>
    <subfield code="l">0</subfield>
    <subfield code="o">JR 904.235 ENCY</subfield>
    <subfield code="p">33228031059194</subfield>
    <subfield code="r">2025-07-25</subfield>
    <subfield code="w">2025-07-25</subfield>
    <subfield code="y">BK</subfield>
  </datafield>
  <datafield tag="952" ind1=" " ind2=" ">
    <subfield code="0">0</subfield>
    <subfield code="1">0</subfield>
    <subfield code="2">ddc</subfield>
    <subfield code="4">0</subfield>
    <subfield code="7">0</subfield>
    <subfield code="8">900</subfield>
    <subfield code="a">PERDL</subfield>
    <subfield code="b">PERDL</subfield>
    <subfield code="c">REF</subfield>
    <subfield code="d">2025-10-27</subfield>
    <subfield code="g">250.00</subfield>
    <subfield code="l">0</subfield>
    <subfield code="o">23 JR 904.5 ENCY</subfield>
    <subfield code="p">30042000002275</subfield>
    <subfield code="r">2025-10-27</subfield>
    <subfield code="v">250.00</subfield>
    <subfield code="w">2025-10-27</subfield>
    <subfield code="y">BK</subfield>
  </datafield>
</record>
